000 01099nam a22003377a 4500
003 CHAP
005 20220329141651.0
008 971013s1945 r 00010 d
010 _a71886
011 _a72858
035 _a82414
040 _cCHAP
090 _aTesis
100 0 0 _aAguilera Hernández, José.
_92910
245 _aEstudio agrícola-económico del Valle de Toluca
260 _aChapingo, Méx. :
_bEl autor,
_c1945
300 _a88 p.
_b: ilus.
500 _ac.4 en bodega
502 _aTesis (Ing. Agr. Esp. en Economía) -- ENA. Departamento de Economía
590 _aALEPH
_b10
_c20130110
_lUCH01
_h1412
590 _aBATCH-UPD
_b10
_c20130110
_lUCH01
_h0805
590 _aBATCH-UPD
_b10
_c20130410
_lUCH01
_h0443
590 _aBATCH-UPD
_b10
_c20130913
_lUCH01
_h2325
590 _aCONVERSION
_b10
_c20130109
_lUCH01
_h1339
650 1 4 _aAgricultura
_xAspectos economicos
_xMexico (Edo.)
_91272
901 _aBK
942 _cFOLL
949 _bBC
_cTES
_d-36465
_eTS1
_i82414
_si
949 _bBC
_cTES
_d-36466
_eTS2
_fc.2
_i82414
_si
949 _bBC
_cTES
_d-36467
_eTS2
_fc.3
_i82414
_si
999 _c71886
_d71886